[Event "VISA Nordic GP fin"]
[Site "Gentofte"]
[Date "1999.08.10"]
[Round "4"]
[White "Westerinen, Heikki MJ"]
[Black "Hansen, Sune Berg"]
[Result "1/2-1/2"]
[WhiteElo "2382"]
[BlackElo "2558"]

1.e4 c5 2.Nf3 d6 3.Bb5+ Bd7 4.Bxd7+ Qxd7 5.c4 Nc6 6.d4 cxd4 7.Nxd4 Nf6 8.Nc3 Qg4
9.O-O Qxd1 10.Rxd1 g6 11.b3 Bg7 12.Bb2 O-O 13.f3 Rfc8 14.Nd5 Nxd5 15.exd5 Ne5
16.f4 Nd7 17.Rd2 Nc5 18.Re1 Bf6 19.Re3 a6 20.a4 Rc7 21.Kf2 Kf8 22.Kf3 Rac8
23.g3 b5 24.cxb5 Bxd4 25.Bxd4 axb5 26.axb5 Rb8 27.Ra2 Nd7 28.Ra5 f5 29.Ke2 Rcb7
30.Kd3 Ke8 31.Kc4 Rc8+  1/2-1/2

[Event "MK Cafe Cup-A"]
[Site "Koszalin"]
[Date "1999.08.10"]
[Round "7"]
[White "Prokopchuk, Evgeny"]
[Black "Hracek, Zbynek"]
[Result "1/2-1/2"]
[WhiteElo "2470"]
[BlackElo "2629"]

1.e4 c5 2.Nf3 d6 3.Bb5+ Nc6 4.O-O Bd7 5.Re1 Nf6 6.c3 a6 7.Bf1 Bg4 8.d3 e6
9.Nbd2 Be7 10.h3 Bh5 11.g4 Bg6 12.Nh4 Nd7 13.Ng2 e5 14.Nc4 h5 15.f4 hxg4
16.f5 gxh3 17.fxg6 hxg2 18.gxf7+ Kf8 19.Bxg2 Bh4 20.Rf1 Nf6 21.Qf3 b5 22.Ne3 Bg5
23.Qf5 Nh5 24.Qg4 Nf4 25.Nf5 g6 26.Bxf4 exf4 27.Nxd6 Ne5 28.Qe6 Qe7 29.Qxe7+ Kxe7
30.d4 f3 31.dxe5 Be3+ 32.Rf2 fxg2 33.Kxg2 Bxf2 34.Kxf2 Ke6 35.Rg1 Kxe5 36.Rxg6 Rad8
37.Nb7 Rd7 38.Nxc5 Rxf7+ 39.Kg3 Re8 40.Rg5+ Kd6 41.Nxa6 Rxe4 42.Rxb5 Re3+
43.Kg2 Re8 44.Rg5 Re2+ 45.Kg3 Rxb2 46.Nb4 Rf1 47.Rg4 Rbf2 48.Rd4+ Ke6 49.Rd3 Rf8
50.Kg2 R1f2+ 51.Kg3 R2f7 52.Kg2 Ke5 53.Re3+ Kd6 54.Nd3 Kd5 55.Rg3 Ra7 56.Nb4+ Kc4
57.Rf3 Rd8 58.Re3 Rd2+ 59.Kg3 Rg7+ 60.Kf3 Rf7+ 61.Kg3 Rd6 62.Kg2 Rf8 63.a4 Ra8
64.Kf3 Rxa4 65.Re4+ Kb3 66.Ke3 Ra1 67.Nd3 Kxc3 68.Nf4 Ra3 69.Kf3 Kd2+ 70.Kg4 Rd8
71.Re2+ Kd1 72.Re5 Rg8+ 73.Rg5 Re8 74.Rd5+ Ke1 75.Rb5 Ra4 76.Rf5 Kf2 77.Kg5 Rg8+
78.Ng6+ Kg3 79.Kh6 Ra6 80.Rg5+ Kf2 81.Kh7 Rd8 82.Rf5+ Ke3 83.Kg7 Rdd6 84.Rg5 Ra1
85.Rg4 Rh1 86.Rg5 Ke4 87.Rg4+ Kd5 88.Rg5+ Ke6 89.Re5+ Kd7 90.Re7+ Kd8 91.Rf7 Rd2
92.Rf8+ Kd7 93.Rf7+ Kd6 94.Rf6+ Kc5 95.Rf5+ Kd4 96.Rf4+ Ke3 97.Rf6 Rdh2 98.Nf8 Ke4
99.Re6+ Kd5 100.Ra6 Rb1 101.Ra5+ Kc6 102.Ra6+ Kb7 103.Rf6 Rd1 104.Ng6  1/2-1/2

[Event "MK Cafe Cup-B"]
[Site "Koszalin"]
[Date "1999.08.10"]
[Round "7"]
[White "Komliakov, Viktor"]
[Black "Szelag, Marcin"]
[Result "1/2-1/2"]
[WhiteElo "2494"]
[BlackElo "2389"]

1.e4 c5 2.Nf3 d6 3.Bb5+ Nc6 4.Bxc6+ bxc6 5.O-O Bg4 6.d3 e6 7.Nbd2 Nf6 8.e5 dxe5
9.Qe1 Nd7 10.Nxe5 Nxe5 11.Qxe5 Qd5 12.Nc4 h5 13.Qc7 Be7 14.Bf4 Rd8 15.Ne5 Qd6
16.Qxc6+ Qxc6 17.Nxc6 Rd7 18.Ne5 Rb7 19.Nc4 f6 20.Bd6 e5 21.f4 Be6 22.fxe5 Bxc4
23.dxc4 Bxd6 24.exd6 Rxb2 25.Rab1 Rxb1 26.Rxb1 Kd7 27.Rb7+ Kxd6 28.Rxg7 Rb8
29.Rxa7 Rb1+ 30.Kf2 Rb2 31.Rh7 Rxa2 32.Rxh5 Rxc2+ 33.Kf3 Rxc4 34.g4 Ke6 35.Rh8 Kf7
36.h4 Kg7 37.Rc8 f5 38.Rc7+ Kg8 39.gxf5  1/2-1/2

[Event "Chania op 9th"]
[Site "Chania"]
[Date "1999.08.11"]
[Round "9"]
[White "Gelashvili, Tamaz"]
[Black "Marjanovic, Slavoljub"]
[Result "0-1"]
[WhiteElo "2531"]
[BlackElo "2508"]

1.e4 c5 2.Nf3 d6 3.Bb5+ Bd7 4.Bxd7+ Qxd7 5.c4 Nc6 6.O-O Nf6 7.Nc3 g6 8.d4 cxd4
9.Nxd4 Bg7 10.Nde2 O-O 11.f3 e6 12.Bg5 Qc7 13.Qd2 a6 14.Kh1 Rfc8 15.Rac1 Qa5
16.b3 b5 17.cxb5 axb5 18.Be3 d5 19.exd5 Nxd5 20.Nxd5 Qxd2 21.Bxd2 exd5 22.Rc2 d4
23.Nf4 Ne5 24.Rxc8+ Rxc8 25.Rc1 Ra8 26.h4 h6 27.h5 Rxa2 28.Bb4 gxh5 29.Rc8+ Kh7
30.Nxh5 Nd3 31.Bd6 Nf2+ 32.Kh2 d3 33.Rc7 d2 34.Rxf7 d1=Q 35.Rxg7+ Kh8 36.Be5 Qh1+
37.Kg3 Nd3  0-1

[Event "NED U20 op"]
[Site "Hengelo"]
[Date "1999.08.12"]
[Round "6"]
[White "Azarov, Sergei"]
[Black "Van Delft, Merijn"]
[Result "1-0"]
[WhiteElo "2432"]
[BlackElo "2323"]

1.e4 c5 2.Nf3 d6 3.Bb5+ Nc6 4.O-O Bd7 5.c3 a6 6.Ba4 Nf6 7.Re1 b5 8.Bc2 e5
9.h3 Be7 10.d4 O-O 11.d5 Na7 12.a4 Qb8 13.Nbd2 Nc8 14.Nf1 Re8 15.Ng3 h6 16.b3 Bf8
17.Nh2 Ne7 18.Ng4 Nxg4 19.hxg4 Ng6 20.Nf5 bxa4 21.bxa4 Be7 22.Nxe7+ Rxe7
23.Be3 Be8 24.Qe2 Rb7 25.Reb1 Raa7 26.Rxb7 Qxb7 27.Rb1 Qc7 28.g3 Bd7 29.g5 hxg5
30.Bxg5 f6 31.Be3 Bc8 32.Kg2 Rb7 33.Rh1 Rb2 34.Qh5 Kf7 35.Bd1 Qd7 36.Qh7 Ne7
37.Bh6 Ke8 38.Qh8+ Kf7 39.Qxg7+  1-0

[Event "MK Cafe Cup-B"]
[Site "Koszalin"]
[Date "1999.08.12"]
[Round "9"]
[White "Kuczynski, Robert"]
[Black "Michalski, Olaf"]
[Result "1/2-1/2"]
[WhiteElo "2450"]
[BlackElo "2331"]

1.e4 c5 2.Nf3 d6 3.Bb5+ Nc6 4.O-O Bd7 5.Re1 Nf6 6.c3 a6 7.Bf1 e5 8.h3 Be7
9.d4 O-O 10.d5 Na7 11.Nh2 Ne8 12.a4 Bg5 13.Bxg5  1/2-1/2

[Event "MK Cafe Cup-B"]
[Site "Koszalin"]
[Date "1999.08.12"]
[Round "9"]
[White "Komliakov, Viktor"]
[Black "Cherkasov, Nikolai"]
[Result "0-1"]
[WhiteElo "2494"]
[BlackElo "2324"]

1.e4 c5 2.Nf3 d6 3.Bb5+ Nd7 4.O-O Nf6 5.Re1 a6 6.Bf1 e5 7.c3 Be7 8.d4 h6
9.a4 O-O 10.dxe5 Nxe5 11.Nxe5 dxe5 12.Qxd8 Rxd8 13.Nd2 Be6 14.f3 Nd7 15.Bc4 Bxc4
16.Nxc4 b5 17.Ne3 c4 18.Nd5 Bg5 19.Bxg5 hxg5 20.Ne7+ Kf8 21.Nc6 Rdc8 22.axb5 axb5
23.Rxa8 Rxa8 24.Rd1 Nc5 25.Nxe5 f6 26.Nd7+ Nxd7 27.Rxd7 Ra2 28.Rd2 b4 29.Rc2 b3
30.Rd2 Ra1+ 31.Kf2 Rc1 32.Ke3 Ke7 33.g3 g6 34.h4 gxh4 35.gxh4 Ke6 36.Re2 Rc2
37.Rf2 Rc1 38.f4 Rd1 39.Rd2 Rh1 40.Rf2 Rd1 41.Rd2 Rh1 42.Rg2 Rd1 43.Rxg6 Rd3+
44.Ke2 Rh3 45.Rg2 Kd6 46.Kf2 Rxh4 47.Kg3 Rh1 48.Rd2+ Ke6 49.Kf3 f5 50.exf5+ Kxf5
51.Ke3 Re1+ 52.Kd4 Re4+ 53.Kd5 Rxf4 54.Re2 Kf6 55.Kc5 Kf5 56.Kb4 Rh4 57.Rd2  0-1

[Event "MK Cafe Cup-A"]
[Site "Koszalin"]
[Date "1999.08.13"]
[Round "10"]
[White "Bologan, Viktor"]
[Black "Novikov, Igor A"]
[Result "1/2-1/2"]
[WhiteElo "2620"]
[BlackElo "2614"]

1.e4 c5 2.Nf3 d6 3.Bb5+ Bd7 4.Bxd7+ Nxd7 5.c4 Ngf6 6.Nc3 e6 7.O-O Be7 8.b3 O-O
9.d4 cxd4 10.Nxd4 a6 11.Bb2  1/2-1/2

[Event "MK Cafe Cup-A"]
[Site "Koszalin"]
[Date "1999.08.13"]
[Round "10"]
[White "Hracek, Zbynek"]
[Black "Dvoirys, Semen I"]
[Result "1-0"]
[WhiteElo "2629"]
[BlackElo "2590"]

1.e4 c5 2.Nf3 d6 3.Bb5+ Nc6 4.Bxc6+ bxc6 5.O-O e5 6.c3 Nf6 7.d4 Nxe4 8.Re1 f5
9.dxe5 d5 10.Qa4 Qb6 11.c4 Qa6 12.Qxa6 Bxa6 13.cxd5 cxd5 14.Nh4 Be7 15.Nxf5 Nxf2
16.Nd6+ Bxd6 17.exd6+ Ne4 18.Nc3 Kd7 19.Nxd5 Raf8 20.Bf4 Bd3 21.Rad1 Bc2
22.Rc1 Bd3 23.Re3 c4 24.b3 Re8 25.bxc4 Nc5 26.Re7+ Rxe7 27.dxe7 Rc8 28.Rd1 Ke8
29.Bd6 Bg6 30.Nc7+ Kd7 31.Nb5 Nd3 32.c5 Rc6 33.Nd4 Rc8 34.Nf3 Ke8 35.Nh4 Be4
36.Rf1 Kd7 37.Rf8 Re8 38.Nf5 Bxf5 39.Rxf5 Nb4 40.a3 Nc6 41.Rf7 g6 42.Rxh7 Ke6
43.Rh3 Nd4  1-0

[Event "VISA Nordic GP fin"]
[Site "Gentofte"]
[Date "1999.08.15"]
[Round "8"]
[White "Westerinen, Heikki MJ"]
[Black "Olafsson, Helgi"]
[Result "1/2-1/2"]
[WhiteElo "2382"]
[BlackElo "2494"]

1.e4 c5 2.Nf3 d6 3.Bb5+ Nc6 4.O-O Bd7 5.Nc3 Nf6 6.d4 cxd4 7.Nxd4 g6 8.Re1 Bg7
9.Nb3 O-O 10.Bg5 Re8 11.Nd5 Nxd5 12.exd5 Ne5 13.Bxd7 Qxd7 14.Nd4 Rac8 15.c3 Rc5
16.Nb3 Rc7 17.Qe2 Qf5 18.Be3 Nc4 19.Rad1 h5 20.Bd4 e5 21.Be3 b5 22.Na5 a6
23.Nc6 e4 24.a4 Qg4 25.axb5 axb5 26.Ra1 Ne5 27.Nxe5 Qxe2 28.Rxe2 Bxe5 29.g3 f5
30.Ra6 Rb8 31.Bf4 Bxf4  1/2-1/2

[Event "Presov"]
[Site "Presov"]
[Date "1999.08.15"]
[Round "2"]
[White "Berezjuk, Sergej"]
[Black "Kulaots, Kaido"]
[Result "1/2-1/2"]
[WhiteElo "2354"]
[BlackElo "2478"]

1.e4 c5 2.Nf3 d6 3.Bb5+ Bd7 4.Bxd7+ Qxd7 5.O-O Nf6 6.e5 dxe5 7.Nxe5 Qc7 8.d4 cxd4
9.Qxd4 Nc6 10.Nxc6 Qxc6 11.Nc3 e6 12.Be3 Be7 13.a4 O-O 14.Rfd1 Rfd8 15.Qf4 Bd6
16.Qf3 Qxf3 17.gxf3 Be7 18.Rxd8+ Bxd8 19.a5 a6 20.Ne4 Nxe4 21.fxe4 Rc8 22.c3 Kf8
23.Ra3  1/2-1/2

[Event "Presov"]
[Site "Presov"]
[Date "1999.08.17"]
[Round "4"]
[White "Manik, Mikulas"]
[Black "Ftacnik, Lubomir"]
[Result "1/2-1/2"]
[WhiteElo "2447"]
[BlackElo "2589"]

1.e4 c5 2.Nf3 d6 3.Bb5+ Nd7 4.d4 Nf6 5.Nc3 cxd4 6.Qxd4 e5 7.Qd3 Be7 8.Bg5 O-O
9.Bxd7 Qxd7 10.Bxf6 Bxf6 11.O-O-O Rd8 12.Nd5 b5 13.Nxf6+ gxf6 14.Nh4 Qg4
15.g3 Be6 16.f3 Qg5+ 17.Kb1 d5 18.Qxb5 dxe4 19.fxe4 Qg4 20.Rde1 Rd2 21.Qa5 Rf2
22.h3 Qh5 23.Qc5 Re2 24.Qb5 Rf2 25.Qc5 Re2 26.Qb5 Rf2  1/2-1/2

[Event "Ikaros op"]
[Site "Ikaros"]
[Date "1999.08.19"]
[Round "6"]
[White "Pedersen, Jan"]
[Black "Staikopoulos, Anastasios"]
[Result "1-0"]
[WhiteElo "2334"]
[BlackElo "2150"]

1.e4 c5 2.Nf3 d6 3.Bb5+ Bd7 4.Bxd7+ Qxd7 5.c4 g6 6.O-O e5 7.Nc3 Bg7 8.d3 Ne7
9.Ne1 Nbc6 10.Nc2 O-O 11.Ne3 f5 12.Ned5 Nxd5 13.Nxd5 f4 14.f3 Ne7 15.Qe2 Nxd5
16.exd5 b5 17.Qe4 b4 18.Bd2 a5 19.a4 Bf6 20.b3 Rf7 21.Kf2 Kh8 22.Ke2 Rg8
23.Rh1 Qf5 24.Rag1 Qxe4+ 25.dxe4 g5 26.g3 Bd8 27.h4 fxg3 28.Rxg3 gxh4 29.Rxg8+ Kxg8
30.Rg1+ Rg7 31.Rxg7+ Kxg7 32.f4 Bf6 33.Kf3 Kg6 34.Kg4 h5+ 35.Kh3 Bg7 36.f5+ Kf7
37.Kxh4 Bf6+ 38.Kxh5 Bd8 39.f6 Bb6 40.Kg5 Bc7 41.Kf5 Bd8 42.Bh6 Bc7 43.Bf8 Kxf8
44.Ke6 Bd8 45.Kxd6 Bxf6 46.Kxc5 Ke8 47.Kd6 Kd8 48.Ke6 Bh4 49.Kxe5 Kd7 50.c5 Bf2
51.c6+ Kc7 52.Ke6 Bg3 53.e5 Bf4 54.Kf6 Bg3 55.e6 Kd6 56.c7  1-0

[Event "FRA-ch G1"]
[Site "Bescanon"]
[Date "1999.08.20"]
[Round "5"]
[White "Marciano, David"]
[Black "Lautier, Joel"]
[Result "1-0"]
[WhiteElo "2529"]
[BlackElo "2638"]

1.e4 c5 2.Nf3 d6 3.Bb5+ Nc6 4.Bxc6+ bxc6 5.O-O e5 6.c3 f5 7.exf5 Nf6 8.d4 e4
9.Ng5 d5 10.f3 h6 11.Ne6 Bxe6 12.fxe6 Bd6 13.fxe4 dxe4 14.Be3 O-O 15.Nd2 Qe7
16.Qe2 Rae8 17.Rae1 Kh8 18.g3 cxd4 19.Bxd4 Bc5 20.Qc4 Bxd4+ 21.cxd4 Qxe6
22.Qxe6 Rxe6 23.Rxe4 Rd6 24.Nb3 a5 25.Re2 Ra8 26.a4 Rdd8 27.Re5 Nd5 28.Nc5 Rdb8
29.b3 Rb4 30.Rd1 Rf8 31.Rd3 Rd8 32.Kg2 Kg8 33.Re6 Rbb8 34.Rf3 Rb6 35.Kh3 Rc8
36.Nd7 Rb7 37.Ne5 Rbc7 38.Nc4 Ra8 39.Rf5 Rb7 40.Rxc6 Ne7 41.Rxa5  1-0

[Event "ESP-ch"]
[Site "Palencia"]
[Date "1999.08.20"]
[Round "2"]
[White "Magem Badals, Jorge"]
[Black "Gallego, Victoriano"]
[Result "1/2-1/2"]
[WhiteElo "2528"]
[BlackElo "2348"]

1.e4 c5 2.Nf3 d6 3.Bb5+ Nc6 4.O-O Bd7 5.c3 Nf6 6.Re1 a6 7.Bxc6 Bxc6 8.d4 Bxe4
9.Bg5 Bd5 10.Nbd2 e6 11.c4 Bxf3 12.Qxf3 cxd4 13.Bxf6 gxf6 14.Qxb7 Bg7 15.Qc6+ Ke7
16.Qe4 Re8 17.Qxh7 Kf8 18.Nf3 f5 19.Rad1 Rc8 20.b3 d5 21.Nxd4 dxc4 22.Nxf5 exf5
23.Rxd8 Rcxd8 24.Rxe8+ Rxe8 25.g4 c3 26.Qxf5 Rd8 27.g5 Kg8 28.Kg2 Rd2 29.Qc8+ Kh7
30.Qf5+ Kg8 31.Qc8+ Kh7 32.Qf5+  1/2-1/2

[Event "Polanica Zdroj op"]
[Site "Polanica Zdroj"]
[Date "1999.08.21"]
[Round "5"]
[White "Miroshnichenko, Evgeny"]
[Black "Simantsev, Mikhail"]
[Result "1-0"]
[WhiteElo "2483"]
[BlackElo "2409"]

1.e4 c5 2.Nf3 d6 3.Bb5+ Nd7 4.c3 Nf6 5.Qe2 a6 6.Ba4 Qc7 7.O-O c4 8.Bc2 b6
9.b3 cxb3 10.axb3 Bb7 11.c4 e5 12.Nc3 Be7 13.Bb2 O-O 14.d4 exd4 15.Nxd4 Rfe8
16.Nf5 Bf8 17.Qd2 Bxe4 18.Nxe4 Nxe4 19.Bxe4 Rxe4 20.Bxg7 Re6 21.Bb2 Qc5 22.Qc3 Qe5
23.Nd4 Rg6 24.Qf3 Re8 25.Rxa6 Nc5 26.Ra7 Rf6 27.Qc6 Rb8 28.Ba1 Qe8 29.Qd5 Rg6
30.Bc3 Nd3 31.Qf5 Ne5 32.Re1 Ra8 33.Rea1 Rxa7 34.Rxa7 Qb8 35.Nc6 Qe8 36.Bxe5 dxe5
37.Nxe5 Bg7 38.Qxf7+ Qxf7 39.Nxf7 Bd4 40.Rd7 Bc5 41.Ne5  1-0

[Event "London MSO Masters"]
[Site "London"]
[Date "1999.08.22"]
[Round "2"]
[White "Chandler, Murray G"]
[Black "Dunworth, Christopher"]
[Result "1/2-1/2"]
[WhiteElo "2505"]
[BlackElo "2308"]

1.e4 c5 2.Nf3 d6 3.Bb5+ Nd7 4.d4 Nf6 5.Nc3 a6 6.Bxd7+ Nxd7 7.O-O cxd4 8.Qxd4 e6
9.Re1 f6 10.a4 Qc7 11.b3 Ne5 12.Ba3 Bd7 13.Rad1 Rc8 14.Re3 Nf7 15.Qd2 Be7
16.Nd4 g5 17.Nde2 h5 18.f4 gxf4 19.Nxf4 Ne5 20.Bxd6 Bxd6 21.Qxd6 Qxd6 22.Rxd6 Ke7
23.Rd2 b5 24.axb5 axb5 25.h3 h4 26.Nce2 Rc7 27.c3 Ra7 28.Kf2 Ra3 29.Nd4 Rc8
30.g3 Rh8 31.Ng2 hxg3+ 32.Rxg3 Rh7 33.Ne3 Ra1 34.Ng2 Rc1 35.Nf4 Ra1 36.Nd3 Nxd3+
37.Rgxd3 Be8 38.Rg3 Rh1 39.Kg2 Re1 40.Re2 Rxe2+ 41.Nxe2 Bc6 42.Re3 f5 43.Kf2 Bxe4
44.Ng3 Bc2 45.Re2 Rxh3 46.Kg2 Rxg3+ 47.Kxg3 Bxb3 48.Kf4 Kf6 49.Re1 Bc4 50.Re3 Bd5
51.Re5 Ke7 52.Re1 Kd6 53.Rd1 Kc5 54.Rd4 Kb6 55.Ke5 Ka5 56.Rb4 Bc4 57.Kf4 Kb6
58.Ke5 Kc5 59.Rb2 Bd3 60.Rb4 Bc4 61.Rb2 Kb6 62.Rb1 Kc6 63.Rb2 Kd7 64.Rd2+ Ke7
65.Rd1 Kf7 66.Rg1 Kf8 67.Rg2 Kf7  1/2-1/2

[Event "Presov"]
[Site "Presov"]
[Date "1999.08.22"]
[Round "9"]
[White "Berezjuk, Sergej"]
[Black "Ftacnik, Lubomir"]
[Result "0-1"]
[WhiteElo "2354"]
[BlackElo "2589"]

1.e4 c5 2.Nf3 d6 3.Bb5+ Nc6 4.O-O Bd7 5.Re1 Nf6 6.h3 a6 7.Bf1 e6 8.c3 Be7
9.d4 cxd4 10.cxd4 d5 11.exd5 Nxd5 12.Nc3 O-O 13.Nxd5 exd5 14.Bd3 Re8 15.Ne5 g6
16.Bf4 Nb4 17.Bb1 Rc8 18.a3 Nc6 19.Ba2 Be6 20.Rc1 Qb6 21.Nxc6 bxc6 22.Qd2 a5
23.Be5 Bd7 24.Rc3 f6 25.Bf4 Bf8 26.Rxe8 Rxe8 27.Re3 Rxe3 28.Bxe3 Bf5 29.Qc3 a4
30.b3 Qa6 31.bxa4 Qxa4 32.Qb3 Qxa3 33.Qxa3 Bxa3 34.g4 Bc2 35.Kf1 Bb2 36.Ke2 Bc3
37.f3 Kf7 38.Bf2 Ke7 39.Ke3 c5 40.dxc5 d4+ 41.Kf4 g5+ 42.Kg3 d3 43.Bc4 d2
44.Be2 Be5+  0-1

[Event "FRA-ch 2nd stage"]
[Site "Bescanon"]
[Date "1999.08.24"]
[Round "1.2"]
[White "Degraeve, Jean Marc"]
[Black "Vaisser, Anatoli"]
[Result "1/2-1/2"]
[WhiteElo "2542"]
[BlackElo "2564"]

1.e4 c5 2.Nf3 d6 3.Bb5+ Bd7 4.Bxd7+ Nxd7 5.O-O Ngf6 6.d3 g6 7.Nc3 Bg7 8.Bf4 O-O
9.Qd2 Ng4 10.h3 Nge5 11.Nxe5 dxe5 12.Bh6 e6 13.Bxg7 Kxg7 14.f4  1/2-1/2

[Event "FRA-ch qual"]
[Site "Bescanon"]
[Date "1999.08.24"]
[Round "7"]
[White "Lagunes, Jean Renaud"]
[Black "Guillet, Martin"]
[Result "1-0"]
[WhiteElo "2161"]
[BlackElo "2218"]

1.e4 c5 2.Nf3 d6 3.Bb5+ Nd7 4.c3 a6 5.Bc4 e6 6.d4 b5 7.Bd3 Ngf6 8.O-O Be7
9.Bg5 Bb7 10.Qe2 Qc7 11.a4 bxa4 12.Nbd2 Nb6 13.e5 Nfd5 14.dxc5 dxc5 15.Ne4 O-O
16.c4 Nb4 17.Bb1 Nc6 18.Nf6+ Bxf6 19.Qe4 g6 20.Bxf6 Nd4 21.Qe3 Bxf3 22.Qh6 Ne2+
23.Kh1 Bxg2+ 24.Kxg2 Qc6+ 25.f3  1-0

[Event "Polanica Zdroj op"]
[Site "Polanica Zdroj"]
[Date "1999.08.25"]
[Round "10"]
[White "Miroshnichenko, Evgeny"]
[Black "Najer, Evgeniy"]
[Result "0-1"]
[WhiteElo "2483"]
[BlackElo "2562"]

1.e4 c5 2.Nf3 d6 3.Bb5+ Bd7 4.Bxd7+ Qxd7 5.c4 Nc6 6.d4 cxd4 7.Nxd4 Nf6 8.Nc3 e6
9.O-O Be7 10.Be3 O-O 11.f4 Nxd4 12.Bxd4 e5 13.Be3 exf4 14.Bxf4 Qe6 15.Qd3 a6
16.Rae1 Rac8 17.b3 Nd7 18.h3 Bf6 19.Nd5 Be5 20.Bg5 f6 21.Bd2 Nc5 22.Qf3 Rf7
23.Kh1 Rcf8 24.Ne3 b5 25.Ba5 Nd3 26.Rb1 Nc5 27.Bb4 Re8 28.Rbd1 Rb7 29.cxb5 axb5
30.Nf5 Rd7 31.Bxc5 dxc5 32.Rxd7 Qxd7 33.Rd1 Qe6 34.Rd5 g6 35.Nh6+ Kg7 36.Ng4 Bd4
37.e5 fxe5 38.Rd7+ Re7 39.Rxe7+ Qxe7 40.Qe4 c4 41.bxc4 bxc4 42.Qc2 c3  0-1

[Event "Polanica Zdroj op"]
[Site "Polanica Zdroj"]
[Date "1999.08.25"]
[Round "10"]
[White "Jakubowski, Tomasz"]
[Black "Simantsev, Mikhail"]
[Result "0-1"]
[WhiteElo "2311"]
[BlackElo "2409"]

1.e4 c5 2.Nf3 d6 3.Bb5+ Nd7 4.d4 Nf6 5.Nc3 a6 6.Bxd7+ Nxd7 7.O-O e6 8.a4 b6
9.Re1 Be7 10.dxc5 Nxc5 11.Bf4 f6 12.b4 Nb7 13.Nd4 Qc7 14.Nd5 exd5 15.Qh5+ g6
16.Qh6 Bf8 17.exd5+ Kf7 18.Qh4 h5 19.Re3 Qc4 20.Bg5 fxg5 21.Rf3+ Bf5 22.Qe4 Rh6
23.Re1 Qxb4 24.c3 Qxa4 25.Qe6+ Kg7 26.Rxf5 gxf5 27.Nxf5+ Kh7 28.Qf7+ Kh8
29.Nxh6 Bxh6 30.g3 Bg7 31.Re7 Qd1+ 32.Kg2 Rg8 33.f3 Qc2+ 34.Kg1 Nd8 35.Qxh5+ Qh7
36.Qg4 Rf8 37.Kg2 Nf7 38.Qe6 Ne5 39.Re8 Qc2+ 40.Kh3 Qg6  0-1

[Event "FRA-ch qual"]
[Site "Bescanon"]
[Date "1999.08.26"]
[Round "9"]
[White "Brochet, Philippe"]
[Black "Touzane, Olivier"]
[Result "0-1"]
[WhiteElo "2349"]
[BlackElo "2348"]

1.e4 c5 2.Nf3 d6 3.Bb5+ Nd7 4.d4 Nf6 5.Nc3 cxd4 6.Qxd4 e5 7.Qd3 h6 8.Be3 Be7
9.O-O O-O 10.a4 Qc7 11.b4 a6 12.Bc4 Nb6 13.Bb3 Be6 14.Bxe6 fxe6 15.Nh4 Nc4
16.Ng6 Rfc8 17.Nxe7+ Qxe7 18.a5 Nb2 19.Qd2 Rc4 20.Rab1 Rac8 21.Rxb2 Rxc3
22.f3 R3c6 23.Qe2 Qf7 24.Rd1 d5 25.Bf2 dxe4 26.fxe4 Rc4 27.Bc5 Rxe4 28.Qd3 Qg6
29.Rbb1 Nd5 30.Re1 Nf6 31.Rxe4 Qxe4 32.Rd1 Qxd3 33.Rxd3 Ne4 34.Re3 Nxc5 35.Rc3 Kf7
36.bxc5 Kf6 37.Kf2 e4 38.Ke3 Ke5 39.Rb3 Rxc5 40.Rxb7 g5 41.Rh7 Rxc2 42.Rxh6 Rxg2
43.Rh5 Kf5 44.h4 Rg3+ 45.Kf2 Kf4 46.Rh8 e3+ 47.Kf1 g4 48.h5 Rf3+ 49.Ke1 Rh3
50.h6 Kf3 51.Rf8+ Ke4 52.Rh8 Rh1+ 53.Ke2 Rh2+ 54.Kd1 e5 55.h7 g3 56.Rg8 Rxh7
57.Rxg3 Kd3 58.Rg1 Rb7 59.Kc1 Rb5  0-1

[Event "Pyramiden Franken Cup"]
[Site "Fuerth"]
[Date "1999.08.27"]
[Round "7"]
[White "Junker, Rene"]
[Black "Tran, Phat"]
[Result "0-1"]
[WhiteElo "2113"]
[BlackElo "2328"]

1.e4 c5 2.Nf3 d6 3.Bb5+ Bd7 4.Bxd7+ Qxd7 5.O-O Nc6 6.c3 Nf6 7.d4 cxd4 8.cxd4 d5
9.e5 Ng8 10.b3 e6 11.Ba3 Bxa3 12.Nxa3 a6 13.Nc2 Nge7 14.Rc1 O-O 15.Qd2 Ng6
16.Nb4 Nxb4 17.Qxb4 Rfc8 18.Qd2 h6 19.Rxc8+ Rxc8 20.Rc1 Rc6 21.Ne1 Ne7 22.Rxc6 Qxc6
23.Qc2 Kf8 24.Qxc6 Nxc6 25.Nc2 g5 26.g3 Kg7 27.f4 Kg6 28.Kf2 gxf4 29.gxf4 Kh5
30.Kg3 a5 31.a3 Na7 32.b4 a4 33.Ne3 Nb5 34.Nc2 Nc3 35.h3 Nb5 36.f5 exf5 37.Ne3 f4+
38.Kxf4 Nxa3 39.Kf5 Nb5 40.Kf6 a3 41.Nc2 a2 42.Kxf7 Nxd4 43.Na1 Kg5 44.Ke7 Nc6+
45.Kd6 d4  0-1

[Event "Abu Dhabi Masters op"]
[Site "Abu Dhabi"]
[Date "1999.08.30"]
[Round "9"]
[White "Aliev, Rasim"]
[Black "Maherramzade, Javad"]
[Result "0-1"]
[WhiteElo "2299"]
[BlackElo "2422"]

1.e4 c5 2.Nf3 d6 3.Bb5+ Bd7 4.Bxd7+ Qxd7 5.O-O Nc6 6.c3 Nf6 7.Re1 e6 8.d4 cxd4
9.cxd4 d5 10.e5 Ne4 11.Nbd2 Nxd2 12.Bxd2 Be7 13.a3 O-O 14.b4 a6 15.Qb3 f6
16.Bf4 f5 17.h4 h6 18.Red1 Qe8 19.g3 Qh5 20.Qe3 Rac8 21.Kg2 Nb8 22.Rac1 Nd7
23.Rxc8 Rxc8 24.Rc1 Qe8 25.h5 Kh7 26.Rh1 Nb6 27.g4 fxg4 28.Qd3+ Kg8 29.Nh4 Bxh4
30.Rxh4 Qf7 31.Qg3 Rf8 32.Rxg4 Kh8 33.Be3 Nc8 34.Rf4 Qe8 35.Rg4 Ne7 36.Rg6 Nxg6  0-1

[Event "Castellaneta op 3rd"]
[Site "Castellaneta"]
[Date "1999.08.31"]
[Round "6"]
[White "Glek, Igor V"]
[Black "Isonzo, Davide"]
[Result "1/2-1/2"]
[WhiteElo "2536"]
[BlackElo "2257"]

1.e4 c5 2.Nf3 d6 3.Bb5+ Bd7 4.Bxd7+ Qxd7 5.c4 Nc6 6.d4 cxd4 7.Nxd4 Nf6 8.Nc3 g6
9.O-O Bg7 10.Nde2 O-O 11.f3 Rfe8 12.Bg5 Rad8 13.Qd2 e6 14.Rfd1 a6 15.Kh1 Ne5
16.b3 b5 17.cxb5 axb5 18.Ng3 Qb7 19.Qf4 b4 20.Na4 Qe7 21.Rd2 Nc6 22.Rad1 e5
23.Qh4 Nd4 24.Nb6 Qb7 25.Nd5 Nxd5 26.Bxd8 Nc3 27.Re1 h6 28.Bf6 g5 29.Bxg5 hxg5
30.Qxg5 Qe7 31.Qg4 Qe6 32.Nf5 Nxf5 33.exf5 Qh6 34.f6 Qxf6 35.Qxb4 e4 36.Qxd6 e3
37.Qxf6 Bxf6 38.Rd3 e2 39.Kg1 Nxa2 40.Kf2 Nc3 41.g3 Rb8 42.f4 Ra8 43.h4 Ra2
44.Kf3 Rb2 45.Kg4 Kg7 46.Kh3 Ne4 47.Re3 Nc3 48.Rd3 Ne4  1/2-1/2

[Event "EU-ch U18"]
[Site "Litohoto"]
[Date "1999.09.07"]
[Round "5"]
[White "Kapnisis, Spyridon"]
[Black "Kundin, Alexander"]
[Result "1/2-1/2"]
[WhiteElo "2324"]
[BlackElo "2403"]

1.e4 c5 2.Nf3 d6 3.Bb5+ Bd7 4.Bxd7+ Qxd7 5.c4 Nc6 6.d4 cxd4 7.Nxd4 Nf6 8.Nc3 Qg4
9.O-O Qxd1 10.Rxd1 Nxd4 11.Rxd4 g6 12.Nb5 Rc8 13.Nxa7 Rc5 14.b4 Rc7 15.Nb5 Rc6
16.Bg5 Bg7 17.Rc1 O-O 18.f3 Ra8 19.Rd2 h6 20.Be3 Nd7 21.Rcc2 Ra4 22.a3 b6
23.Rd1  1/2-1/2

[Event "POR-ch"]
[Site "Lisbon"]
[Date "1999.09.09"]
[Round "2"]
[White "Cordovil, Joao"]
[Black "Damaso, Rui"]
[Result "0-1"]
[WhiteElo "2199"]
[BlackElo "2399"]

1.e4 c5 2.Nf3 d6 3.Bb5+ Nd7 4.d3 Nf6 5.Nc3 a6 6.Ba4 e6 7.Qe2 Be7 8.e5 dxe5
9.Nxe5 O-O 10.Bd2 Nxe5 11.Qxe5 Nd5 12.O-O Bf6 13.Qe1 b5 14.Bb3 Nxc3 15.Bxc3 Bb7
16.a4 Rc8 17.axb5 axb5 18.Bxf6 Qxf6 19.Ra7 Ba8 20.Qc1 Qd4 21.c3 Qxd3 22.Rd1 Qg6  0-1

[Event "EU-ch U16"]
[Site "Litohoto"]
[Date "1999.09.09"]
[Round "7"]
[White "Lupulescu, Constantin"]
[Black "Izoria, Zviad"]
[Result "1/2-1/2"]
[WhiteElo "2361"]
[BlackElo "2272"]

1.e4 c5 2.Nf3 d6 3.Bb5+ Bd7 4.Bxd7+ Qxd7 5.c4 Nc6 6.d4 cxd4 7.Nxd4 Nf6 8.f3 e6
9.Nc3 Be7 10.Be3 O-O 11.O-O Rfd8 12.Rc1 Rac8 13.b3 b6 14.Qd2 Qb7 15.Rfd1 a6
16.a4 Nd7 17.Qc2 Nb4 18.Qb1 Bf6 19.f4 Nc5 20.Nde2 g6 21.Rd2 Qe7 22.Rcd1 Bg7
23.Kh1 Rb8 24.h3 Qc7 25.Bf2 Rd7 26.Bd4 Bxd4 27.Rxd4 Rbd8 28.R4d2  1/2-1/2

[Event "CRO-chT"]
[Site "Pula"]
[Date "1999.09.11"]
[Round "3"]
[White "Ulibin, Mikhail"]
[Black "Ruck, Robert"]
[Result "0-1"]
[WhiteElo "2562"]
[BlackElo "2485"]

1.e4 c5 2.Nf3 d6 3.Bb5+ Nd7 4.d4 Nf6 5.Nc3 cxd4 6.Qxd4 a6 7.Bxd7+ Bxd7 8.Bg5 h6
9.Bxf6 gxf6 10.Nd5 Rg8 11.Nb6 Rb8 12.Nxd7 Qxd7 13.g3 f5 14.O-O-O Rc8 15.e5 Rg4
16.Qd3 Rgc4 17.c3 Bg7 18.Kb1 R4c6 19.Rhe1 Rb6 20.Re2 e6 21.Nd2 Qa4 22.Nb3 dxe5
23.f3 Qb5 24.c4 Qc6 25.Rc1 Qd7 26.Qc3 Rd6 27.Qb4 Rd1 28.Nc5 Rxc1+ 29.Kxc1 Qe7
30.Nd3 Qxb4 31.Nxb4 Rxc4+ 32.Nc2 e4 33.f4 b5 34.b3 Rc6 35.Kd2 Rd6+ 36.Kc1 Bc3
37.Rf2 Kd7 38.Re2 Rd3 39.Rf2 Rf3 40.Rxf3 exf3 41.Kd1 Kc6 42.Ne3 Kc5  0-1

[Event "CRO-chT"]
[Site "Pula"]
[Date "1999.09.14"]
[Round "5"]
[White "Brnas, Augustin"]
[Black "Vukelic, Tomislav"]
[Result "0-1"]
[WhiteElo "2296"]
[BlackElo "2288"]

1.e4 c5 2.Nf3 d6 3.Bb5+ Nd7 4.c3 Nf6 5.e5 dxe5 6.Nxe5 a6 7.Qb3 e6 8.Nxd7 Bxd7
9.Bxd7+ Qxd7 10.O-O Bd6 11.d4 cxd4 12.cxd4 O-O 13.Nc3 h6 14.Rd1 Rfd8 15.Na4 Qb5
16.Qxb5 axb5 17.Nc3 b4 18.Nb5 Ra5 19.a4 bxa3 20.Nxa3 Bxa3 21.Ra2  0-1

[Event "Artek olJ"]
[Site "Artek"]
[Date "1999.09.16"]
[Round "6"]
[White "Botezatu, Gheorghe"]
[Black "Jobava, Baadur"]
[Result "0-1"]
[WhiteElo "2149"]
[BlackElo "2330"]

1.e4 c5 2.Nf3 d6 3.Bb5+ Bd7 4.Bxd7+ Qxd7 5.c4 Nf6 6.Nc3 Nc6 7.O-O e6 8.d4 cxd4
9.Nxd4 Be7 10.Be3 O-O 11.Qe2 Rac8 12.b3 Qc7 13.Rac1 Qb8 14.f4 a6 15.f5 Nxd4
16.Bxd4 b5 17.cxb5 e5 18.Be3 axb5 19.Bg5 b4 20.Bxf6 Rxc3 21.Rxc3 bxc3 22.Bxe7 Qa7+
23.Kh1 Qxe7 24.Qc4 Qb7 25.Qxc3 Qxe4 26.Qf3 Qa8 27.a4 d5 28.f6 Rc8 29.Qg3 g6
30.Re1 Qa6 31.Qg5 d4 32.h3 Qd6 33.a5 e4 34.Qb5 Rb8 35.Qc4 e3 36.a6 Qxf6 37.Rf1 Qe6
38.a7 Rd8 39.Qc7 Re8 40.Qb7 e2 41.Re1 d3 42.a8=Q d2 43.Qa5 d1=Q 44.Qf3 Qe5
45.Qb4 Rd8 46.Kg1 Qed4+  0-1